| 000 | 00000nam##2200000za#4500 |
| 001 | 9.571674 |
| 003 | CaOODSP |
| 005 | 20211126112845 |
| 007 | cr ||||||||||| |
| 008 | 150406|1997||||xxc|||||o f|0| 0 eng|d |
| 022 | |a1701-9397 |
| 040 | |aCaOODSP|beng |
| 043 | |an-cn--- |
| 086 | 1 |aFB3-2/97-7E-PDF |
| 110 | 2 |aBank of Canada. |
| 245 | 10|aMonetary shocks in the G-6 countries : |h[electronic resource]|bis there a puzzle? / |cby Ben S. C. Fung and Marcel Kasumovich. |
| 260 | |aOttawa - Ontario : |bBank of Canada |cMarch 1997. |
| 300 | |a29p.|bgraphs, references, tables |
| 490 | 1 |aBank of Canada working paper|x1701-9397|v97-7 |
| 500 | |a"This paper examines monetary shocks identified by long-run cointegration restrictions and the assumption of long-run money neutrality in exactly identified VAR models across six industrialized countries."--Abstract. |
| 500 | |aThe ISBN (0-662-25645-X) and ISSN (1192-5434) for the print edition have been incorrectly copied in this electronic publication. |
| 520 | 3 |aThis paper examines monetary shocks identified by long-run cointegration restrictions and the assumption of long-run money neutrality in exactly identified VAR models across six industrialized countries.--Abstract |
| 546 | |aRésumé en français. |
| 590 | |a11-19-Supp|b2011-09-23 |
| 720 | 1 |aFung, Ben S. C. |
| 720 | 1 |aKasumovich, Marcel |
| 776 | 0#|tMonetary shocks in the G-6 countries : |w(CaOODSP)9.613784 |
| 830 | #0|aWorking paper (Bank of Canada)|x1701-9397|v97-7|w(CaOODSP)9.504604 |
| 856 | 40|ahttp://publications.gc.ca|qPDF|s190 KB|uhttps://publications.gc.ca/collections/Collection/FB3-2-97-7E.pdf|y97-7 |